000 00425nam a2200169Ia 4500
008 090711s9999 xx 000 0 und d
082 _b65622
100 _aसामंत माया
245 _aबेबंद
260 _c1990
300 _a148
600 _aसामंत माया
630 _aबेबंद
700 _aसामंत माया
730 _aबेबंद
942 _cBOOK
999 _c300020
_d300020